000 01511nam a22002057a 4500
005 20220422132358.0
008 220422b ||||| |||| 00| 0 eng d
020 _a0141001437
040 _cAL
041 _aEnglish
082 _223
_a954.025
_bERAE
100 _aAbraham Eraly
_930926
245 _aEmperors of the Peacock Throne: The Saga of the Great Mughals
260 _aNew Delhi
_bPenguin Books
_c2000
300 _axviii,555 p.
_bPB
_c24x15 cm.
365 _b₹295.00
_c
_d₹295.00
520 _aA stirring account of one of the world's greatest empires In December 1525, Zahir-ud-din Babur, descended from Chengiz Khan and Timur Lenk, crossed the Indus river into the Punjab with a modest army and some cannon. At Panipat, five months later, he fought the most important battle of his life and routed the mammoth army of Sultan Ibrahim Lodi, the Afghan ruler of Hindustan. Mughal rule in India had begun. It was to continue for over three centuries, shaping India for all time. In this definitive biography of the great Mughals, Abraham Eraly reclaims the right to set down history as a chronicle of flesh-and-blood people. Bringing to his task the objectivity of a scholar and the high imagination of a master storyteller, he recreates the lives of Babur, the intrepid pioneer; the dreamer Humayun; Akbar, the greatest and most enigmatic of the Mughals; the aesthetes Jehangir and Shah Jahan; and the dour and determined Aurangzeb.
700 _aERALY (Abraham)
_930927
942 _2ddc
_cGF
999 _c222559
_d222559